| 000 | 00514nam a2200169 a 4500 | ||
|---|---|---|---|
| 001 | 000007537 | ||
| 005 | 20200929154214.0 | ||
| 008 | 090909s1946 dr 000 0 spa d | ||
| 040 |
_aDO-SdBNP _bspa _cBNPHU |
||
| 082 |
_axxx _bR426r |
||
| 110 | 1 |
_aRepública Dominicana. _bComisión Hípica Nacional _920924 |
|
| 245 | 1 | 0 | _aReglamento hípico No. 3154. |
| 260 |
_aCiudad Trujillo, República Dominicana : _bMontalvo, _c1946. |
||
| 300 |
_a159 p. ; _c17 cm. |
||
| 500 | _aIncluye índice alfabético. | ||
| 049 | _aBNPD | ||
| 999 |
_c7318 _d7318 |
||